[Event "12. KUP SS OBZ"]
[Site "Valpovo"]
[Date "2019.02.16"]
[Round "3.5"]
[White "Sos, Fran"]
[Black "Slobodjanac, Sinisa"]
[Result "0-1"]
[WhiteElo "2025"]
[BlackElo "1791"]
[PlyCount "96"]
[EventDate "2019.02.15"]
[WhiteTeam "ŠK DONJI MIHOLJAC, Donji Miholjac"]
[BlackTeam "ŠK MLADOST, Osijek"]

1. d4 Nf6 2. c4 g6 3. f3 d5 4. cxd5 Nxd5 5. e4 Nb6 6. Be3 Bg7 7. Nc3 Nc6 8. d5
Ne5 9. Bd4 O-O 10. Be2 g5 11. Qd2 e6 12. O-O-O exd5 13. exd5 Bf5 14. g4 Bg6 15.
h4 f6 16. Bxe5 fxe5 17. hxg5 Qe7 18. Nh3 Qc5 19. Rhf1 Rad8 20. Nf2 Rxd5 21. Nd3
Qc6 22. Qc2 Rd4 23. Qb3+ Bf7 24. Qb5 Qg6 25. Ne4 a6 26. Qa5 Nc4 27. Qc3 Ne3 28.
Nxe5 Rxd1+ 29. Rxd1 Nxd1 30. Bxd1 Qe6 31. f4 Qxa2 32. Nf6+ Bxf6 33. gxf6 Qa1+
34. Kc2 Rd8 35. Be2 Qa4+ 36. Kb1 Ba2+ 37. Kc1 Qxf4+ 38. Kc2 Qxf6 39. b3 b5 40.
Kb2 Re8 41. Kxa2 Qxe5 42. Bc4+ bxc4 43. Qxc4+ Kg7 44. Ka3 Qa5+ 45. Kb2 Qe5+ 46.
Ka3 Qa1+ 47. Kb4 Rb8+ 48. Kc5 Qe5+ 0-1

[Event "12. KUP SS OBZ"]
[Site "Valpovo"]
[Date "2019.02.16"]
[Round "3.5"]
[White "Djaic, Kristijan"]
[Black "Cmelak, Antonio"]
[Result "0-1"]
[WhiteElo "1759"]
[BlackElo "1665"]
[PlyCount "80"]
[EventDate "2019.02.15"]
[WhiteTeam "ŠK MLADOST, Osijek"]
[BlackTeam "ŠK DONJI MIHOLJAC, Donji Miholjac"]

1. e4 e6 2. d4 d5 3. e5 c5 4. c3 Nc6 5. Nf3 Qb6 6. Bd3 h6 7. b3 Bd7 8. Bb2 cxd4
9. cxd4 Bb4+ 10. Nbd2 Nge7 11. O-O O-O 12. Qe2 Bxd2 13. Qxd2 Nf5 14. Rac1 Kh8
15. Bxf5 exf5 16. Rc5 Be6 17. Rfc1 Rac8 18. h4 Ne7 19. Ba3 Rfe8 20. Rxc8 Nxc8
21. Rc2 Ne7 22. Bxe7 Rxe7 23. Qc1 Kh7 24. Kh2 Qa5 25. h5 Qb6 26. Rc5 g5 27.
hxg6+ fxg6 28. Qc2 Qd8 29. g3 Rf7 30. Ng1 Kg7 31. Ne2 g5 32. Nc3 a6 33. Na4 f4
34. Rc3 Bf5 35. Qc1 fxg3+ 36. fxg3 Be4 37. Rc8 Qd7 38. Nb6 Rf2+ 39. Kg1 Rg2+
40. Kf1 Qf5+ 0-1

[Event "12. KUP SS OBZ"]
[Site "Valpovo"]
[Date "2019.02.16"]
[Round "3.5"]
[White "Ronta, Ivan"]
[Black "Romic, Borislav"]
[Result "1-0"]
[WhiteElo "1717"]
[BlackElo "1807"]
[PlyCount "53"]
[EventDate "2019.02.15"]
[WhiteTeam "ŠK DONJI MIHOLJAC, Donji Miholjac"]
[BlackTeam "ŠK MLADOST, Osijek"]

1. e4 e5 2. Nf3 d6 3. d4 exd4 4. Nxd4 c5 5. Bb5+ Bd7 6. Bxd7+ Nxd7 7. Nf5 Ndf6
8. Nc3 g6 9. Ne3 Ne7 10. O-O Qb6 11. Ncd5 Nexd5 12. exd5 Bg7 13. Nc4 Qc7 14.
Re1+ Kd7 15. Bf4 Bf8 16. Qf3 Qd8 17. Qh3+ Kc7 18. Qe3 b6 19. Bg5 h6 20. Bxf6
Qxf6 21. a4 Rd8 22. Qb3 Rb8 23. Qb5 Be7 24. a5 Rhc8 25. axb6+ Kd8 26. Rxa7 Qd4
27. Qd7# 1-0

[Event "12. KUP SS OBZ"]
[Site "Valpovo"]
[Date "2019.02.17"]
[Round "4.1"]
[White "Aleksic, Robert"]
[Black "Novak, Grgur"]
[Result "1-0"]
[WhiteElo "2123"]
[BlackElo "1936"]
[PlyCount "53"]
[EventDate "2019.02.15"]
[WhiteTeam "ŠK SLAVONAC, Našice"]
[BlackTeam "ŠK HVIDR-a, Osijek"]

1. e4 c5 2. Nf3 d6 3. c3 e6 4. d4 Nd7 5. Bd3 g6 6. O-O Bg7 7. Be3 Qc7 8. Nbd2
a6 9. a4 Ne7 10. Re1 O-O 11. Bg5 Re8 12. Bh4 e5 13. dxe5 Nxe5 14. Nxe5 Bxe5 15.
Nc4 Be6 16. Nxe5 dxe5 17. Qf3 Kf8 18. Qf6 Ng8 19. Qh8 f5 20. Bf6 fxe4 21. Bxe5
Qe7 22. Bxe4 Rad8 23. Re3 Bf5 24. Bxf5 gxf5 25. Rae1 Qd7 26. h3 Rc8 27. Rg3 1-0

[Event "12. KUP SS OBZ"]
[Site "Valpovo"]
[Date "2019.02.17"]
[Round "4.1"]
[White "Prekratic, Marijan"]
[Black "Miletic, Josip"]
[Result "1/2-1/2"]
[WhiteElo "1919"]
[BlackElo "2164"]
[PlyCount "55"]
[EventDate "2019.02.15"]
[WhiteTeam "ŠK HVIDR-a, Osijek"]
[BlackTeam "ŠK SLAVONAC, Našice"]

1. e4 c5 2. Nc3 g6 3. Bc4 Bg7 4. Nge2 Nc6 5. d3 Na5 6. Bb5 a6 7. Ba4 b5 8. Bb3
Nxb3 9. axb3 Bb7 10. O-O d6 11. Be3 Nf6 12. h3 O-O 13. Qc1 Re8 14. Bh6 Bh8 15.
f4 d5 16. e5 d4 17. Nd1 Qd5 18. Rf2 Nh5 19. Qd2 f6 20. f5 Qxe5 21. fxg6 hxg6
22. Nf4 Nxf4 23. Bxf4 Qd5 24. Bg3 Bg7 25. Qe2 Kf7 26. Qf1 Rh8 27. Kh2 Rh5 28.
Rf4 1/2-1/2

[Event "12. KUP SS OBZ"]
[Site "Valpovo"]
[Date "2019.02.17"]
[Round "4.3"]
[White "Topalic, Fran"]
[Black "Skocibusic, Ivo"]
[Result "1/2-1/2"]
[WhiteElo "1480"]
[BlackElo "1923"]
[PlyCount "95"]
[EventDate "2019.02.15"]
[WhiteTeam "ŠK FERIT OSIJEK II, Osijek"]
[BlackTeam "ŠK ĐAKOVO LIM MONT II, Đakovo"]

1. e4 e6 2. d4 d5 3. exd5 exd5 4. Bf4 Nc6 5. Nf3 Bg4 6. Be2 f6 7. h3 Bh5 8. Nc3
Bb4 9. O-O Bxc3 10. bxc3 Nge7 11. Nd2 Bf7 12. Nb3 b6 13. Bf3 O-O 14. Re1 Re8
15. Qd2 Qd7 16. Re2 Ng6 17. Rae1 Rxe2 18. Rxe2 Nxf4 19. Qxf4 Re8 20. Rxe8+ Bxe8
21. Bg4 Qd6 22. Qxd6 cxd6 23. Be6+ Bf7 24. Bxf7+ Kxf7 25. Kf1 b5 26. Ke2 g5 27.
a3 Ke6 28. Ke3 f5 29. g3 a5 30. Nd2 a4 31. f4 h6 32. h4 g4 33. Kf2 Nb8 34. Ke3
Nd7 35. Ke2 Nf6 36. Kf2 Ne4+ 37. Nxe4 dxe4 38. c4 bxc4 39. c3 Kd5 40. Ke3 Kc6
41. Ke2 Kd7 42. Kf2 Ke6 43. Ke2 Ke7 44. Kf2 Ke6 45. h5 Kd5 46. Ke3 Kc6 47. Kf2
e3+ 48. Ke2 1/2-1/2

[Event "12. KUP SS OBZ"]
[Site "Valpovo"]
[Date "2019.02.17"]
[Round "4.3"]
[White "Macanga, Branko"]
[Black "Matota, Dominik"]
[Result "0-1"]
[WhiteElo "1777"]
[BlackElo "1503"]
[PlyCount "68"]
[EventDate "2019.02.15"]
[WhiteTeam "ŠK ĐAKOVO LIM MONT II, Đakovo"]
[BlackTeam "ŠK FERIT OSIJEK II, Osijek"]

1. Nf3 c5 2. g3 Nc6 3. Bg2 d5 4. c4 d4 5. d3 Nf6 6. O-O e5 7. e3 Be7 8. exd4
exd4 9. Nbd2 Bf5 10. Nb3 O-O 11. Re1 Nb4 12. Ne5 Nd7 13. Bxb7 Rb8 14. Bg2 Nxe5
15. Rxe5 Bxd3 16. Nxc5 Bxc5 17. Rxc5 Qe7 18. Ra5 Bxc4 19. b3 Be2 20. Qd2 Rfc8
21. Ba3 d3 22. Re1 Rc2 23. Qf4 Rb6 24. Re5 Qf8 25. Bc1 Rxa2 26. Bd2 Nc2 27. Rc1
Nd4 28. Re3 Re6 29. Rxe6 fxe6 30. Bc3 Rc2 31. Rxc2 dxc2 32. Bxd4 Qd6 33. Be4
Qxd4 34. Bxc2 Qa1+ 0-1

[Event "12. KUP SS OBZ"]
[Site "Valpovo"]
[Date "2019.02.17"]
[Round "4.3"]
[White "Borzan, Matej"]
[Black "Perci, Franjo"]
[Result "1-0"]
[WhiteElo "1501"]
[BlackElo "1663"]
[PlyCount "92"]
[EventDate "2019.02.15"]
[WhiteTeam "ŠK FERIT OSIJEK II, Osijek"]
[BlackTeam "ŠK ĐAKOVO LIM MONT II, Đakovo"]

1. d4 d5 2. c4 Nf6 3. Nc3 e6 4. Bg5 c6 5. Nf3 Be7 6. e3 h6 7. Bf4 Nbd7 8. h3
dxc4 9. Bxc4 Nd5 10. Bh2 N7f6 11. Qc2 Bd6 12. Bxd6 Qxd6 13. e4 Nb4 14. Qb3 Qe7
15. a3 Nbd5 16. exd5 exd5+ 17. Be2 O-O 18. O-O g5 19. Nh2 Be6 20. Qc2 Qd7 21.
Qd3 Rae8 22. Rae1 Bf5 23. Qg3 Ne4 24. Nxe4 Rxe4 25. Bg4 Bxg4 26. Nxg4 Qe6 27.
Rxe4 dxe4 28. Re1 f5 29. Qe5 Qg6 30. Nh2 Qf6 31. Qxf6 Rxf6 32. f3 exf3 33. Nxf3
Kf8 34. Kf2 Rd6 35. Re5 f4 36. Ke2 Kf7 37. Kd3 Kf6 38. Ke4 b6 39. b4 Rd7 40.
Rf5+ Ke6 41. h4 g4 42. Re5+ Kf6 43. Nh2 g3 44. Nf3 c5 45. bxc5 bxc5 46. Rxc5
Rb7 1-0

[Event "12. KUP SS OBZ"]
[Site "Valpovo"]
[Date "2019.02.17"]
[Round "4.4"]
[White "Jeszenszky, Jozsef"]
[Black "Basrak, Srdjan"]
[Result "0-1"]
[WhiteElo "2030"]
[BlackElo "2233"]
[PlyCount "112"]
[EventDate "2019.02.15"]
[WhiteTeam "ŠK DONJI MIHOLJAC, Donji Miholjac"]
[BlackTeam "ŠK BELIŠĆE, Belišće"]

1. d4 f5 2. Nc3 Nf6 3. Bg5 e6 4. e4 fxe4 5. Nxe4 Be7 6. Bxf6 Bxf6 7. Qh5+ g6 8.
Nxf6+ Qxf6 9. Qc5 Nc6 10. Nf3 b6 11. Qc3 Bb7 12. Bb5 O-O-O 13. O-O-O Rhf8 14.
Qa3 Kb8 15. Ba6 Ba8 16. Rhg1 g5 17. h3 h5 18. Qe3 Nb4 19. Be2 Qf5 20. Qb3 Nd5
21. Bd3 Qf4+ 22. Kb1 g4 23. hxg4 hxg4 24. Ne5 Qxd4 25. Nxd7+ Rxd7 26. Bb5 Qg7
27. Bxd7 Qxd7 28. c4 Qh7+ 29. Ka1 Nf6 30. f3 gxf3 31. gxf3 Nd7 32. Qc3 e5 33.
Qd3 Qxd3 34. Rxd3 Nc5 35. Re3 Nd7 36. Rd3 Bc6 37. Rgd1 Kc8 38. Kb1 Rxf3 39. Kc1
Rxd3 40. Rxd3 e4 41. Rg3 Ne5 42. b3 Kd7 43. Kd2 Nf7 44. Ke3 a5 45. Rg4 Nd6 46.
Rg7+ Kc8 47. Rg8+ Kb7 48. Rf8 Bd7 49. Rg8 Be6 50. Rg6 Bf5 51. Rg5 Kc6 52. Rg7
Bh3 53. Rg5 Bf1 54. Kd4 Bd3 55. Kc3 b5 56. cxb5+ Nxb5+ 0-1

[Event "12. KUP SS OBZ"]
[Site "Valpovo"]
[Date "2019.02.17"]
[Round "4.4"]
[White "Buric, Danijel"]
[Black "Roklicer, Heike"]
[Result "1/2-1/2"]
[WhiteElo "2179"]
[BlackElo "2042"]
[PlyCount "46"]
[EventDate "2019.02.15"]
[WhiteTeam "ŠK BELIŠĆE, Belišće"]
[BlackTeam "ŠK DONJI MIHOLJAC, Donji Miholjac"]

1. d4 d5 2. c4 c6 3. cxd5 cxd5 4. Nc3 Nc6 5. Nf3 Nf6 6. Bf4 Nh5 7. Bg5 h6 8.
Bc1 Nf6 9. Qb3 e6 10. e3 a6 11. Bd2 Bd6 12. Rc1 O-O 13. Bd3 Na5 14. Qd1 b5 15.
e4 dxe4 16. Nxe4 Nxe4 17. Bxe4 Bb7 18. Bxb7 Nxb7 19. O-O Rc8 20. Qe2 Qd7 21. a4
Rfd8 22. Rfd1 Bb8 23. axb5 axb5 1/2-1/2

[Event "12. KUP SS OBZ"]
[Site "Valpovo"]
[Date "2019.02.17"]
[Round "4.4"]
[White "Bojanic, Borislav"]
[Black "Ronta, Ivan"]
[Result "0-1"]
[WhiteElo "1895"]
[BlackElo "1717"]
[PlyCount "64"]
[EventDate "2019.02.15"]
[WhiteTeam "ŠK BELIŠĆE, Belišće"]
[BlackTeam "ŠK DONJI MIHOLJAC, Donji Miholjac"]

1. d4 Nf6 2. c4 g6 3. Nc3 d5 4. Nf3 Bg7 5. Bg5 Ne4 6. Nxd5 Nxg5 7. Nxg5 e6 8.
Nxf7 Kxf7 9. Nc3 Qxd4 10. Qc2 Qxc4 11. e3 Qc6 12. h4 Nd7 13. O-O-O Bxc3 14.
bxc3 Nf6 15. Bd3 Bd7 16. h5 Nxh5 17. Rxh5 gxh5 18. Bxh7 e5 19. Rxd7+ Qxd7 20.
Qg6+ Ke7 21. Qg5+ Kd6 22. Bf5 Qf7 23. e4 Rhg8 24. Qd2+ Kc6 25. g3 b6 26. a4
Rad8 27. Qb2 Qc4 28. Bh3 Qd3 29. Qc2 Qxc2+ 30. Kxc2 Rgf8 31. f4 exf4 32. gxf4
Rxf4 0-1

[Event "12. KUP SS OBZ"]
[Site "Valpovo"]
[Date "2019.02.17"]
[Round "4.5"]
[White "Grguric, Stjepan-Kresimir"]
[Black "Domazet, Zvonko"]
[Result "1-0"]
[WhiteElo "2113"]
[BlackElo "1744"]
[PlyCount "101"]
[EventDate "2019.02.15"]
[WhiteTeam "ŠK DRAGOVOLJAC, Osijek"]
[BlackTeam "ŠK ĐAKOVO LIM MONT III, Đakovo"]

1. e4 d6 2. d4 Nf6 3. Nc3 Nbd7 4. Nf3 e5 5. Bc4 Be7 6. h3 c6 7. a4 Qa5 8. Bd2
Qc7 9. O-O O-O 10. Re1 exd4 11. Nxd4 Ne5 12. Bf1 Bd7 13. f4 Ng6 14. Qf3 a6 15.
a5 c5 16. Nde2 Bc6 17. Ng3 Rad8 18. Qf2 Rfe8 19. Bd3 Nd7 20. Nf5 Bf6 21. g4 Ne7
22. g5 Bxc3 23. Nxe7+ Rxe7 24. Bxc3 Bb5 25. Rad1 Bxd3 26. Rxd3 Rde8 27. Qf3 Qc6
28. Rd5 b6 29. Qd3 c4 30. Qd4 f6 31. axb6 Qxb6 32. Qxb6 Nxb6 33. Rxd6 Na4 34.
gxf6 gxf6 35. Bxf6 Rxe4 36. Rxe4 Rxe4 37. Rxa6 Nc5 38. Rc6 Ne6 39. f5 Nf4 40.
Kf2 Nd5 41. Bd8 Nb4 42. Rc8 Nxc2 43. Bg5+ Kf7 44. Rc7+ Kg8 45. f6 Re6 46. Rxc4
Na1 47. Rc8+ Kf7 48. Rc7+ Kg8 49. Re7 Rc6 50. Rg7+ Kh8 51. Ra7 1-0

[Event "12. KUP SS OBZ"]
[Site "Valpovo"]
[Date "2019.02.17"]
[Round "4.5"]
[White "Kolic, Vladimir"]
[Black "Grguric, Damir"]
[Result "1/2-1/2"]
[WhiteElo "1620"]
[BlackElo "1986"]
[PlyCount "91"]
[EventDate "2019.02.15"]
[WhiteTeam "ŠK ĐAKOVO LIM MONT III, Đakovo"]
[BlackTeam "ŠK DRAGOVOLJAC, Osijek"]

1. e4 c5 2. Nf3 e6 3. d4 cxd4 4. Nxd4 Nf6 5. Nc3 Bb4 6. Bd3 Nc6 7. Nde2 a6 8.
O-O Qc7 9. a3 Be7 10. Be3 b5 11. f4 d6 12. Qe1 g6 13. Ng3 d5 14. exd5 exd5 15.
Nce2 Ng4 16. Bf2 O-O 17. Nd4 Nxf2 18. Nxc6 Bc5 19. Rxf2 Qxc6 20. b4 Bd4 21. Rd1
Bg4 22. Ne2 Qb6 23. Qf1 Bxf2+ 24. Qxf2 Qxf2+ 25. Kxf2 Rfe8 26. Rd2 Bxe2 27.
Bxe2 Rad8 28. g3 Rd6 29. c4 bxc4 30. Bxc4 Rc8 31. Be2 Rc3 32. Rd3 d4 33. Kf3 f5
34. h3 Rdc6 35. Kf2 Rd6 36. Ke1 Re6 37. Kd2 Rxd3+ 38. Bxd3 Kf8 39. a4 Rb6 40.
b5 axb5 41. Bxb5 Ke7 42. Kd3 Rd6 43. a5 Kd8 44. a6 Kc7 45. Bc4 Kb6 46. g4
1/2-1/2

[Event "12. KUP SS OBZ"]
[Site "Valpovo"]
[Date "2019.02.17"]
[Round "4.5"]
[White "Imsirovic, Alen"]
[Black "Ascic, Josipa"]
[Result "1-0"]
[WhiteElo "1957"]
[BlackElo "1671"]
[PlyCount "105"]
[EventDate "2019.02.15"]
[WhiteTeam "ŠK DRAGOVOLJAC, Osijek"]
[BlackTeam "ŠK ĐAKOVO LIM MONT III, Đakovo"]

1. e4 c5 2. c3 d5 3. exd5 Qxd5 4. d4 Nf6 5. Nf3 g6 6. dxc5 Qxc5 7. Be3 Qc6 8.
Na3 a6 9. Nc4 Nbd7 10. Qb3 b5 11. Nce5 Nxe5 12. Nxe5 Qe6 13. Qxe6 Bxe6 14. a4
bxa4 15. Rxa4 Bc8 16. b4 Nd5 17. Bd4 f6 18. Bc4 Bb7 19. Ng4 h5 20. Bxd5 Bxd5
21. Ne3 Bc6 22. Ra5 e5 23. Bc5 Bxc5 24. Rxc5 Kd7 25. O-O Rhc8 26. Nc4 Rab8 27.
Rd1+ Ke7 28. Nd6 Rc7 29. Nc4 Rb5 30. Rxb5 Bxb5 31. Ne3 Ke6 32. c4 Bc6 33. f3
Rb7 34. Rb1 f5 35. Kf2 e4 36. fxe4 Bxe4 37. Rb2 f4 38. Nf1 Bd3 39. Nd2 Rc7 40.
b5 axb5 41. cxb5 Rb7 42. Nf3 Kd5 43. Rd2 Ke4 44. Ng5+ Kd4 45. Ne6+ Kc3 46.
Rxd3+ Kxd3 47. Nc5+ Kc4 48. Nxb7 Kxb5 49. Kf3 g5 50. Nd6+ Kc5 51. Ne4+ Kd5 52.
Nxg5 Ke5 53. Nh3 1-0

[Event "12. KUP SS OBZ"]
[Site "Valpovo"]
[Date "2019.02.17"]
[Round "4.5"]
[White "Grozdanic, Dario"]
[Black "Mravunac, Branko"]
[Result "0-1"]
[WhiteElo "1533"]
[BlackElo "1990"]
[PlyCount "81"]
[EventDate "2019.02.15"]
[WhiteTeam "ŠK ĐAKOVO LIM MONT III, Đakovo"]
[BlackTeam "ŠK DRAGOVOLJAC, Osijek"]

1. d4 Nf6 2. Nf3 e6 3. e3 d5 4. b3 c6 5. Bd3 Nbd7 6. Bb2 Bd6 7. Ne5 O-O 8. Nd2
Qa5 9. c3 Nxe5 10. dxe5 Bxe5 11. Qc2 h6 12. Nf3 Bd6 13. b4 Qc7 14. h3 e5 15.
Nd2 e4 16. Be2 Be6 17. a3 b5 18. Nb3 Nd7 19. O-O-O Nb6 20. f4 Na4 21. Ba1 a5
22. h4 f5 23. h5 Rf7 24. Rhg1 Nb6 25. Nxa5 Rxa5 26. bxa5 Na4 27. Qb3 Qxa5 28.
g4 Nc5 29. Qc2 Qxa3+ 30. Kd2 Nb3+ 31. Ke1 Nxa1 32. Qc1 Qxc1 33. Rxc1 Nb3 34.
Rb1 Na5 35. g5 hxg5 36. Rxg5 Be7 37. Rg2 Bf6 38. Kd2 Ra7 39. h6 Nc4+ 40. Bxc4
dxc4 41. hxg7 0-1

[Event "12. KUP SS OBZ"]
[Site "Valpovo"]
[Date "2019.02.17"]
[Round "5.1"]
[White "Borzan, Andrej"]
[Black "Grandic, Zvjezdan"]
[Result "1/2-1/2"]
[WhiteElo "1831"]
[BlackElo "2189"]
[PlyCount "22"]
[EventDate "2019.02.15"]
[WhiteTeam "ŠK FERIT OSIJEK II, Osijek"]
[BlackTeam "ŠK SLAVONAC, Našice"]

1. d4 e6 2. c4 Nf6 3. Nc3 c5 4. e3 d5 5. dxc5 Bxc5 6. cxd5 Nxd5 7. Nxd5 Qxd5 8.
Qxd5 exd5 9. Bb5+ Nc6 10. Bxc6+ bxc6 11. Nf3 O-O 1/2-1/2

[Event "12. KUP SS OBZ"]
[Site "Valpovo"]
[Date "2019.02.17"]
[Round "5.2"]
[White "Martinovic, Zvonimir"]
[Black "Imsirovic, Alen"]
[Result "0-1"]
[WhiteElo "1833"]
[BlackElo "1957"]
[PlyCount "60"]
[EventDate "2019.02.15"]
[WhiteTeam "ŠK HRVATSKA ČITAONICA, Valpovo"]
[BlackTeam "ŠK DRAGOVOLJAC, Osijek"]

1. Nf3 Nf6 2. g3 d5 3. Bg2 c5 4. d3 Nc6 5. O-O Bg4 6. Nc3 e6 7. Bf4 Bd6 8. Bxd6
Qxd6 9. Nb5 Qd7 10. c3 O-O 11. Qd2 Rfe8 12. Rad1 a6 13. Na3 Rad8 14. Nc2 e5 15.
Ne3 Bh3 16. Bxh3 Qxh3 17. Ng5 Qc8 18. f4 e4 19. f5 d4 20. Nxe4 Nxe4 21. dxe4
dxe3 22. Qxe3 Re5 23. f6 Rxd1 24. Rxd1 Qg4 25. Rd5 Rxe4 26. Rg5 Rxe3 27. Rxg4
g6 28. Kf2 Re6 29. Rf4 Ne5 30. g4 Rxf6 0-1

[Event "12. KUP SS OBZ"]
[Site "Valpovo"]
[Date "2019.02.17"]
[Round "5.2"]
[White "Mravunac, Branko"]
[Black "Martinovic, Josip"]
[Result "1/2-1/2"]
[WhiteElo "1990"]
[BlackElo "1616"]
[PlyCount "74"]
[EventDate "2019.02.15"]
[WhiteTeam "ŠK DRAGOVOLJAC, Osijek"]
[BlackTeam "ŠK HRVATSKA ČITAONICA, Valpovo"]

1. e4 e6 2. f4 d5 3. e5 Bd7 4. Nf3 c5 5. c3 Nc6 6. Bd3 h6 7. Bc2 Qb6 8. d3 Nge7
9. O-O d4 10. Nbd2 Nd5 11. Nc4 Qc7 12. cxd4 cxd4 13. Ba4 Bc5 14. a3 a6 15. Bxc6
Bxc6 16. b4 Nc3 17. Qe1 Bxf3 18. Rxf3 b5 19. Nd2 Bb6 20. Bb2 O-O 21. Kh1 Rac8
22. Rc1 Qb7 23. Bxc3 dxc3 24. Ne4 Qd5 25. Rg3 Qd4 26. Rxg7+ Kxg7 27. Qg3+ Kh7
28. Nf6+ Kh8 29. Qh4 Kg7 30. Qg4+ Kh8 31. Qh4 Kg7 32. Nh5+ Kh7 33. Qf6 Rg8 34.
Qxf7+ Kh8 35. Qxe6 Rc7 36. Qxh6+ Rh7 37. Qf6+ Rgg7 1/2-1/2

[Event "12. KUP SS OBZ"]
[Site "Valpovo"]
[Date "2019.02.17"]
[Round "5.3"]
[White "Jeszenszky, Jozsef"]
[Black "Cajzler, Hinko"]
[Result "1-0"]
[WhiteElo "2030"]
[BlackElo "2118"]
[PlyCount "88"]
[EventDate "2019.02.15"]
[WhiteTeam "ŠK DONJI MIHOLJAC, Donji Miholjac"]
[BlackTeam "ŠK HVIDR-a, Osijek"]

1. d4 Nf6 2. c4 c5 3. d5 e6 4. Nc3 exd5 5. cxd5 d6 6. e4 g6 7. f3 Bg7 8. Bg5 h6
9. Be3 a6 10. a4 O-O 11. Qd2 Kh7 12. Be2 Re8 13. Rc1 Qe7 14. a5 Nbd7 15. Nh3
Ne5 16. Nf2 Rb8 17. Na4 Ned7 18. b4 cxb4 19. O-O Qd8 20. Nb6 Nxb6 21. Bxb6 Qe7
22. Bc7 Ra8 23. Bd1 Rf8 24. Qxb4 Ne8 25. Bb6 Bd7 26. Ba4 Rc8 27. Rxc8 Bxc8 28.
Rc1 Bd7 29. Bxd7 Qxd7 30. Qc4 Kg8 31. Qc8 Qb5 32. Qxb7 Bd4 33. Qc6 Bxf2+ 34.
Kxf2 Qb2+ 35. Rc2 Qe5 36. g3 Qh5 37. Kg2 f5 38. Qd7 fxe4 39. Qe6+ Kh7 40. Qxe4
Qf5 41. Bd4 h5 42. Rc6 Qd7 43. Rxa6 Nc7 44. Ra7 Rf7 1-0

[Event "12. KUP SS OBZ"]
[Site "Valpovo"]
[Date "2019.02.17"]
[Round "5.3"]
[White "Novak, Grgur"]
[Black "Roklicer, Heike"]
[Result "0-1"]
[WhiteElo "1936"]
[BlackElo "2042"]
[PlyCount "65"]
[EventDate "2019.02.15"]
[WhiteTeam "ŠK HVIDR-a, Osijek"]
[BlackTeam "ŠK DONJI MIHOLJAC, Donji Miholjac"]

1. e4 c6 2. d4 d5 3. exd5 cxd5 4. c4 Nc6 5. Nc3 Nf6 6. cxd5 Nxd5 7. Bc4 e6 8.
Nf3 Bb4 9. Qc2 Nb6 10. Bb5 Bd7 11. O-O Ne7 12. Bd3 Bc6 13. Bb5 O-O 14. Bxc6
Nxc6 15. Be3 Nd5 16. Nxd5 Qxd5 17. a3 Be7 18. Rac1 Rad8 19. Rfd1 h6 20. h3 f5
21. Qd2 Kh7 22. Bf4 Rg8 23. Be5 g5 24. Rc3 g4 25. hxg4 Rxg4 26. Bg3 Rdg8 27.
Rd3 Bg5 28. Qc2 Bf6 29. Ne5 R8g7 30. Nxc6 bxc6 31. Rc1 Bxd4 32. Rcd1 Rxg3 33.
Rxg3 0-1

[Event "12. KUP SS OBZ"]
[Site "Valpovo"]
[Date "2019.02.17"]
[Round "5.3"]
[White "Sos, Fran"]
[Black "Prekratic, Marijan"]
[Result "1-0"]
[WhiteElo "2025"]
[BlackElo "1919"]
[PlyCount "61"]
[EventDate "2019.02.15"]
[WhiteTeam "ŠK DONJI MIHOLJAC, Donji Miholjac"]
[BlackTeam "ŠK HVIDR-a, Osijek"]

1. d4 Nf6 2. c4 d6 3. Nc3 g6 4. e4 Bg7 5. f3 c6 6. Be3 Qc7 7. Qd2 h5 8. O-O-O
a5 9. e5 Ng8 10. exd6 Qxd6 11. c5 Qd8 12. Bc4 Nf6 13. Nge2 Nd5 14. Bxd5 cxd5
15. Nf4 e6 16. Rde1 O-O 17. g4 hxg4 18. fxg4 a4 19. h4 Nc6 20. h5 e5 21. h6 Bf6
22. Nfxd5 exd4 23. Nxf6+ Qxf6 24. Ne4 Qd8 25. h7+ Kh8 26. Bg5 f6 27. Bxf6+ Rxf6
28. Nxf6 Bd7 29. Qg5 a3 30. Qxg6 axb2+ 31. Kb1 1-0

[Event "12. KUP SS OBZ"]
[Site "Valpovo"]
[Date "2019.02.17"]
[Round "5.3"]
[White "Fures, Ivica"]
[Black "Ronta, Ivan"]
[Result "1/2-1/2"]
[WhiteElo "1879"]
[BlackElo "1717"]
[PlyCount "26"]
[EventDate "2019.02.15"]
[WhiteTeam "ŠK HVIDR-a, Osijek"]
[BlackTeam "ŠK DONJI MIHOLJAC, Donji Miholjac"]

1. d4 Nf6 2. Nf3 g6 3. c4 Bg7 4. Nc3 d5 5. e3 O-O 6. Be2 c5 7. O-O cxd4 8. exd4
Nc6 9. h3 b6 10. Re1 Bb7 11. Be3 Rc8 12. b3 e6 13. Rc1 Re8 1/2-1/2

[Event "12. KUP SS OBZ"]
[Site "Valpovo"]
[Date "2019.02.17"]
[Round "5.4"]
[White "Basrak, Srdjan"]
[Black "Kovacevic, Srecko"]
[Result "0-1"]
[WhiteElo "2233"]
[BlackElo "2068"]
[PlyCount "50"]
[EventDate "2019.02.15"]
[WhiteTeam "ŠK BELIŠĆE, Belišće"]
[BlackTeam "ŠK MLADOST, Osijek"]

1. e4 c6 2. d4 d5 3. e5 Bf5 4. Nf3 e6 5. Be2 c5 6. c3 Nc6 7. a3 Rc8 8. O-O cxd4
9. cxd4 Nge7 10. b4 a6 11. Bb2 Ng6 12. Nc3 Be7 13. Na4 Ncxe5 14. dxe5 Bc2 15.
Qd4 Bxa4 16. Rac1 O-O 17. Rxc8 Qxc8 18. h4 f6 19. Rc1 Qd7 20. Qg4 f5 21. Qg3
Rc8 22. h5 Nf8 23. Nd4 Bd8 24. Qf4 h6 25. g4 Bg5 0-1

[Event "12. KUP SS OBZ"]
[Site "Valpovo"]
[Date "2019.02.17"]
[Round "5.4"]
[White "Slobodjanac, Sinisa"]
[Black "Huis, Dinko"]
[Result "0-1"]
[WhiteElo "1791"]
[BlackElo "2137"]
[PlyCount "62"]
[EventDate "2019.02.15"]
[WhiteTeam "ŠK MLADOST, Osijek"]
[BlackTeam "ŠK BELIŠĆE, Belišće"]

1. b4 e6 2. Bb2 d5 3. e3 Nf6 4. a3 Be7 5. c4 O-O 6. Nf3 c6 7. Nc3 Nbd7 8. cxd5
exd5 9. Be2 Re8 10. O-O Bd6 11. Qc2 a5 12. b5 c5 13. d3 b6 14. d4 c4 15. Nxd5
Nxd5 16. Bxc4 Bb7 17. Qb3 N7f6 18. Ne5 Rc8 19. Rac1 Rxc4 20. Qxc4 Qe7 21. Qd3
Bxe5 22. dxe5 Nd7 23. Qf5 g6 24. Qg4 Nxe5 25. Qg3 Nd3 26. Rc2 Nxb2 27. Rxb2
Qxa3 28. Rc2 Qb3 29. Rd2 Qxb5 30. h4 Nf6 31. Rfd1 Ne4 0-1

[Event "12. KUP SS OBZ"]
[Site "Valpovo"]
[Date "2019.02.17"]
[Round "5.4"]
[White "Marjancevic, Slavko"]
[Black "Zaric, Aleksandar"]
[Result "1/2-1/2"]
[WhiteElo "1992"]
[BlackElo "1781"]
[PlyCount "44"]
[EventDate "2019.02.15"]
[WhiteTeam "ŠK BELIŠĆE, Belišće"]
[BlackTeam "ŠK MLADOST, Osijek"]

1. e4 c6 2. d4 d5 3. Nd2 dxe4 4. Nxe4 Bf5 5. Ng3 Bg6 6. Nf3 h6 7. c3 e6 8. Ne5
Bh7 9. Bd3 Bxd3 10. Nxd3 Nf6 11. O-O Bd6 12. f4 Nbd7 13. Qf3 Qc7 14. Kh1 a6 15.
Bd2 g6 16. b4 O-O 17. c4 Kh7 18. Ne5 Ng8 19. Rae1 Rae8 20. Ne4 Ndf6 21. Nxd6
Qxd6 22. Bc3 Rc8 1/2-1/2

[Event "12. KUP SS OBZ"]
[Site "Valpovo"]
[Date "2019.02.17"]
[Round "5.4"]
[White "Romic, Borislav"]
[Black "Slivar, Darko"]
[Result "0-1"]
[WhiteElo "1807"]
[BlackElo "2050"]
[PlyCount "86"]
[EventDate "2019.02.15"]
[WhiteTeam "ŠK MLADOST, Osijek"]
[BlackTeam "ŠK BELIŠĆE, Belišće"]

1. e4 c5 2. c4 Nc6 3. d3 e5 4. Nc3 d6 5. a3 g6 6. Nf3 Bg7 7. g3 Nge7 8. Bg2 O-O
9. O-O Nd4 10. Nxd4 cxd4 11. Nd5 Nxd5 12. cxd5 Qb6 13. b4 f5 14. f3 Bd7 15. Rf2
Rac8 16. Rc2 Ba4 17. Raa2 fxe4 18. fxe4 Bxc2 19. Rxc2 Rxc2 20. Qxc2 Qd8 21. Bd2
Qd7 22. a4 Rc8 23. Qb3 Qc7 24. Qd1 Qc2 25. Qg4 Rf8 26. Qe6+ Kh8 27. Be1 Qd1 28.
h4 Qxe1+ 29. Kh2 Qxb4 30. h5 gxh5 31. Kh3 a6 32. a5 Qxa5 33. Qxd6 Qd8 34. Qb4
Qd7+ 35. Kh2 h4 36. gxh4 Rf4 37. Qe1 Qg4 38. Bh3 Qxh4 39. Qxh4 Rxh4 40. Kg3 Rh6
41. Be6 Rf6 42. Kg4 b5 43. Kg5 b4 0-1

[Event "12. KUP SS OBZ"]
[Site "Valpovo"]
[Date "2019.02.17"]
[Round "5.5"]
[White "Skocibusic, Ivo"]
[Black "Kolic, Vladimir"]
[Result "1/2-1/2"]
[WhiteElo "1923"]
[BlackElo "1620"]
[PlyCount "51"]
[EventDate "2019.02.15"]
[WhiteTeam "ŠK ĐAKOVO LIM MONT II, Đakovo"]
[BlackTeam "ŠK ĐAKOVO LIM MONT III, Đakovo"]

1. Nf3 Nf6 2. g3 g6 3. Bg2 Bg7 4. d3 O-O 5. O-O d5 6. Nbd2 c6 7. e4 dxe4 8.
dxe4 Bg4 9. h3 Bxf3 10. Bxf3 Nbd7 11. Qe2 Ne5 12. Bg2 Qc7 13. f4 Ned7 14. Kh2
e5 15. Nf3 Nh5 16. f5 gxf5 17. exf5 e4 18. Ne5 Nxg3 19. Kxg3 Bxe5+ 20. Bf4 Kh8
21. Qe3 Rg8+ 22. Kh2 Rg7 23. Bxe4 Rag8 24. Bh1 Bxf4+ 25. Qxf4 Qxf4+ 26. Rxf4
1/2-1/2